Normal view MARC view

Entry Personal Name

Number of records used in: 1

001 - CONTROL NUMBER

  • control field: 9701

003 - CONTROL NUMBER IDENTIFIER

  • control field: DLC

005 - DATE AND TIME OF LATEST TRANSACTION

  • control field: 20231007134621.0

008 - FIXED-LENGTH DATA ELEMENTS

  • fixed length control field: 010328n| azannaabn |n aaa c

010 ## - LIBRARY OF CONGRESS CONTROL NUMBER

  • LC control number: no2001024315

035 ## - SYSTEM CONTROL NUMBER

  • System control number: (OCoLC)oca05449184

040 ## - CATALOGING SOURCE

  • Original cataloging agency: OCl
  • Language of cataloging: eng
  • Description conventions: rda
  • Transcribing agency: OCl
  • Modifying agency: NBuU
  • Modifying agency: OkU

046 ## - SPECIAL CODED DATES

  • Birth date: 1967

053 #0 - LC CLASSIFICATION NUMBER

  • Classification number element--single number or beginning number of span: PQ2673.A836

100 1# - HEADING--PERSONAL NAME

  • Personal name: Mauvignier, Laurent

375 ## - GENDER

  • Gender: male

377 ## - ASSOCIATED LANGUAGE

  • Language code: fre

670 ## - SOURCE DATA FOUND

  • Source citation: Apprendre à finir, c2000:
  • Information found: t.p. (Laurent Mauvignier)

670 ## - SOURCE DATA FOUND

  • Source citation: Bib. Nat. Fr. authority file, Oct. 13, 2014:
  • Information found: (b. 1967)
  • Uniform Resource Identifier: http://catalogue.bnf.fr/ark:/12148/cb13500385g/PUBLIC

670 ## - SOURCE DATA FOUND

  • Source citation: The would, 2015:
  • Information found: ECIP t.p. (Laurent Mauvignier) data view ( ...born in Tours in 1967 and has a degree in visual arts from the École des Beaux-Arts. His novels have received wide critical acclaim and four literary prizes, including the Prix Wepler)

Powered by Koha